书目信息 |
| 题名: |
北方采暖地区既有居住建筑节能改造经济激励方案研究
|
|
| 作者: | 金占勇 著 | |
| 分册: | ||
| 出版信息: | 北京 中国建筑工业出版社 2017.07 |
|
| 页数: | 122页 | |
| 开本: | 23cm | |
| 丛书名: | ||
| 单 册: | ||
| 中图分类: | TU832.5 | |
| 科图分类: | ||
| 主题词: | 居住建筑--ju zhu jian zhu--采暖--建筑设计--节能设计--激励--研究--中国 | |
| 电子资源: | ||
| ISBN: | 978-7-112-21238-5 | |
| 000 | 01656nam0 2200253 450 | |
| 001 | 0100001260 | |
| 005 | 20190306111010.63 | |
| 010 | @a978-7-112-21238-5@dCNY30.00 | |
| 100 | @a20180321d2017 em y0chiy50 ea | |
| 101 | 0 | @achi |
| 102 | @aCN@b110000 | |
| 105 | @aak a 000yy | |
| 200 | 1 | @a北方采暖地区既有居住建筑节能改造经济激励方案研究@Abei fang cai nuan di qu ji you ju zhu jian zhu jie neng gai zao jing ji ji li fang an yan jiu@d= Research on economic incentive program for energy-efficiency renovation for existing residential buildings in northern heating areas@f金占勇著@zeng |
| 210 | @a北京@c中国建筑工业出版社@d2017.07 | |
| 215 | @a122页@c图@d23cm | |
| 300 | @a本书受学科建设-硕士学位授权学科点 (2015) (工商管理) 项目 北京建筑大学校设科研基金自然科学项目博士科研启动基金项目“北方地区既有建筑节能改造经济激励政策研究” (101202406) 住房和城乡建设部科技规划项目“促进智慧能源在建筑中应用的经济机理研究” (2016-R1-009) 资助 | |
| 320 | @a有书目 (第114-122页) | |
| 330 | @a本书立足于如何有效推动既有居住建筑节能改造开展这一关键问题, 以既有居住建筑节能改造经济激励方案为研究对象, 通过对既有居住建筑节能改造现状的广泛调查研究, 综合运用Walras一般均衡理论、帕累托最优均衡理论、非均衡理论等理论知识, 对理想状态下既有居住建筑节能改造市场经济制度的优越性等方面进行了研究。 | |
| 510 | 1 | @aResearch on economic incentive program for energy-efficiency renovation for existing residential buildings in northern heating areas@zeng |
| 606 | 0 | @a居住建筑@Aju zhu jian zhu@x采暖@x建筑设计@x节能设计@x激励@x研究@y中国 |
| 690 | @aTU832.5@v5 | |
| 701 | 0 | @a金占勇@Ajin zhan yong@4著 |
| 801 | 0 | @aCN@c20180910 |
| 905 | @a河南城建学院图书馆@dTU832.5@eJ838 | |
| 北方采暖地区既有居住建筑节能改造经济激励方案研究= Research on economic incentive program for energy-efficiency renovation for existing residential buildings in northern heating areas/金占勇著.-北京:中国建筑工业出版社,2017.07 |
| 122页:图;23cm |
| 本书受学科建设-硕士学位授权学科点 (2015) (工商管理) 项目 北京建筑大学校设科研基金自然科学项目博士科研启动基金项目“北方地区既有建筑节能改造经济激励政策研究” (101202406) 住房和城乡建设部科技规划项目“促进智慧能源在建筑中应用的经济机理研究” (2016-R1-009) 资助 |
| ISBN 978-7-112-21238-5:CNY30.00 |
| 本书立足于如何有效推动既有居住建筑节能改造开展这一关键问题, 以既有居住建筑节能改造经济激励方案为研究对象, 通过对既有居住建筑节能改造现状的广泛调查研究, 综合运用Walras一般均衡理论、帕累托最优均衡理论、非均衡理论等理论知识, 对理想状态下既有居住建筑节能改造市场经济制度的优越性等方面进行了研究。 |
| ● |
| 相关链接 |
|
|
|
正题名:北方采暖地区既有居住建筑节能改造经济激励
索取号:TU832.5/J838
 
预约/预借
| 序号 | 登录号 | 条形码 | 馆藏地/架位号 | 状态 | 备注 |
| 1 | 1305753 | 213057537 | 建筑库201/201建筑库 52排3列3层/ [索取号:TU832.5/J838] | 在馆 | |
| 2 | 1399962 | 213999627 | 建筑库201/201建筑库 52排3列3层/ [索取号:TU832.5/J838] | 在馆 | |
| 3 | 1399963 | 213999636 | 建筑库201/201建筑库 52排3列3层/ [索取号:TU832.5/J838] | 在馆 |